The Management of testicular tumours / (Record no. 3056)

000 -LEADER
fixed length control field 00847cam a2200277 a 4500
003 - CONTROL NUMBER IDENTIFIER
control field OSt
005 - DATE AND TIME OF LATEST TRANSACTION
control field 20210827074738.0
008 - FIXED-LENGTH DATA ELEMENTS--GENERAL INFORMATION
fixed length control field 820402s1981 enka 00100 eng d
020 ## - INTERNATIONAL STANDARD BOOK NUMBER
International Standard Book Number 0815166575
040 ## - CATALOGING SOURCE
Transcribing agency ALUPE UNIVERSITY
049 ## - LOCAL HOLDINGS (OCLC)
Holding library TXAM
Copy statement [1276972]
050 ## - LIBRARY OF CONGRESS CALL NUMBER
Classification number RC280
Item number .T4 1981
090 ## - LOCALLY ASSIGNED LC-TYPE CALL NUMBER (OCLC); LOCAL CALL NUMBER (RLIN)
Classification number (OCLC) (R) ; Classification number, CALL (RLIN) (NR) RC280.T4
Local cutter number (OCLC) ; Book number/undivided call number, CALL (RLIN) M36 1981
096 ## - LOCALLY ASSIGNED NLM-TYPE CALL NUMBER (OCLC)
Classification number WJ858 .M355 1981
245 04 - TITLE STATEMENT
Title The Management of testicular tumours /
Statement of responsibility, etc. edited by Michael Peckham.
264 #1 - PRODUCTION, PUBLICATION, DISTRIBUTION, MANUFACTURE, AND COPYRIGHT NOTICE
Place of production, publication, distribution, manufacture London :
Name of producer, publisher, distributor, manufacturer Edward Arnold ;
Date of production, publication, distribution, manufacture, or copyright notice 1981.
264 #2 - PRODUCTION, PUBLICATION, DISTRIBUTION, MANUFACTURE, AND COPYRIGHT NOTICE
Place of production, publication, distribution, manufacture Chicago :
Name of producer, publisher, distributor, manufacturer Distributed by Year Book Medical Publishers,
300 ## - PHYSICAL DESCRIPTION
Extent 288 pages :
Other physical details illustrations ;
Dimensions 25 cm.
336 ## - CONTENT TYPE
Content type term text
Content type code txt
Source rdacontent
337 ## - MEDIA TYPE
Media type term unmediated
Media type code n
Source rdamedia
338 ## - CARRIER TYPE
Carrier type term volume
Carrier type code nc
Source rdacarrier
504 ## - BIBLIOGRAPHY, ETC. NOTE
Bibliography, etc. note Includes bibliographies and index.
650 #0 - SUBJECT ADDED ENTRY--TOPICAL TERM
Topical term or geographic name entry element Testis
General subdivision Tumors.
830 #0 - SERIES ADDED ENTRY--UNIFORM TITLE
Volume/sequential designation 3.
942 ## - ADDED ENTRY ELEMENTS (KOHA)
Source of classification or shelving scheme
Koha item type Book
Suppress in OPAC PW
Holdings
Withdrawn status Lost status Source of classification or shelving scheme Damaged status Not for loan Permanent Location Current Location Shelving location Date acquired Source of acquisition Total Checkouts Full call number Barcode Date last seen Copy number Price effective from Koha item type Public note
          AU LIBRARY AU LIBRARY Open Shelf 10.08.2021 DONATION FROM MOI UNIVERSITY   RC280.T4 1981 C1 28004135 10.08.2021 1 10.08.2021 Book PW
          AU LIBRARY AU LIBRARY Open Shelf 27.08.2021 DONATION FROM MOI UNIVERSITY   RC280 .T4 1981 C1 28004398 27.08.2021 2 27.08.2021 Book JO
          AU LIBRARY AU LIBRARY Open Shelf 30.03.2022 DONATION FROM MOI UNIVERSITY   RC280 .T4 1981 C3 28011710 30.03.2022 3 30.03.2022 Book WO

Powered by Koha